000 00515nam a2200157 a 4500
001 000035011
005 20200930074039.0
008 111024s1962 ve 000 0 spa d
040 _aDO-SdBNP
_bspa
_cBNPHU
082 _axxxx
_bxxxx
100 1 _aRangel, Domingo Alberto
_930628
245 1 0 _aHistoria económica de Venezuela /
_cDomingo Alberto Rangel.
260 _aCaracas, :
_bPensamiento vivo,
_c1962.
300 _a386 ;
_c21 cm.
590 _aPerteneció a la biblioteca personal de Juan Isidro Jimenes Grullón.
999 _c34502
_d34502